-eat Definitions Quiz Stats

 Plays Quiz Updated Dec 17, 2017

Support Sporcle.
Go Orange.
Score 0/15 Timer 03:00
1 Play Today
% Correct
Neat
92.3%
Retreat
92.1%
Cheat
91.6%
Defeat
89.9%
Feat
88.9%
Mincemeat
88.3%
Great
87.1%
Pleat
86.3%
% Correct
Thereat
82.6%
Deadbeat
82.4%
Caveat
80.1%
Browbeat
79.7%
Orgeat
79.1%
Escheat
75.4%
Cleat
71.3%

From the Vault

Things at Target in the Old West

by Aprilli

History 7m
Who doesn't enjoy a good ramble back in time? Maybe you can snag some fresh milk while you're at it.
Remove Ads.
Support Sporcle.
Get the best of Sporcle when you Go Orange. This ad-free experience offers more features, more stats, and more fun while also helping to support Sporcle. Thank you for becoming a member.

Show Comments

Extras

Top Quizzes Today


Score Distribution

Your Account Isn't Verified!

In order to create a playlist on Sporcle, you need to verify the email address you used during registration. Go to your Sporcle Settings to finish the process.

Report this User

Report this user for behavior that violates our Community Guidelines.

Details: